Methods of Execution Quiz Stats

 Plays Quiz Updated Oct 19, 2018

Also try: 2008 Executions
Challenge
Share
Tweet
Embed
Score 0/5 Timer 01:00
2 Plays Today
Method % Correct
Lethal Injection
95.8%
Electrocution
90.6%
Hanging
88.7%
Firing Squad
78.9%
Gas Chamber
41.2%

You're not logged in!

Compare scores with friends on all Sporcle quizzes.
OR
Log In

You Might Also Like...

Show Comments

Extras

Top Quizzes Today


Score Distribution

Your Account Isn't Verified!

In order to create a playlist on Sporcle, you need to verify the email address you used during registration. Go to your Sporcle Settings to finish the process.

Report this User

Report this user for behavior that violates our Community Guidelines.

Details: